| 000 | 01062nam a2200265Ia 4500 | ||
|---|---|---|---|
| 999 |
_c54792 _d54792 |
||
| 001 | 21860 | ||
| 003 | GE_BSU | ||
| 005 | 20220614155108.0 | ||
| 008 | 181216s |||| |||||||||||||| ||geo|| | ||
| 020 | _a9780751789300 | ||
| 040 | _cGE_BSU | ||
| 041 | _ageo | ||
| 080 | _a657(075.8) : 336 ბ-66 | ||
| 245 |
_aბიზნესის ანალიზი წიგნი P3 საერთაშორისო პროგრამა, უმაღლესი დონე : _bსახელმძღვანელო / _cმთარგმნელი ქ. ჯანგულაშვილი. |
||
| 264 |
_aთბილისი : _bდანი, _c2013. |
||
| 300 |
_a738 გვ. ; _c29 სმ. |
||
| 490 | _xACCA | ||
| 541 | _h39 ლ.50თ. | ||
| 653 | _aბიზნესის ანალიზი | ||
| 653 | _aწიგნი P3 | ||
| 653 | _aეკონომიკა | ||
| 653 | _aბუღალტერია | ||
| 700 |
_aჯანგულაშვილი, ქ. _eმთარგმნელი _914083 |
||
| 942 |
_cBK _2udc |
||